000 01029cam a2200265 4500
001 X113086
008 000000n2001 000 0 eng u
035 _a(Sirsi) u113086
100 _aKochan, B.
245 _aIntegrated training bids to broaden regeneration skills
260 _c2001
490 _aUrban Environment Today
_v(122) 24 May 2001, 11(1)
520 _aDiscusses the introduction of new integrated training schemes, developed by universities in the drive to establish regional centres for excellence recommended in the Urban White Paper, which will enable practitioners to improve their management of social and physical regeneration projects.
650 _aCENTRES OF EXCELLENCE
650 _aECONOMIC DEVELOPMENT
650 _aFURTHER EDUCATION
650 _aHIGHER EDUCATION
650 _aMANAGEMENT SKILLS
650 _aREGENERATION
650 _aSOCIAL REGENERATION
650 _aURBAN REGENERATION
650 _aURBAN WHITE PAPER
690 _aCAREERS, EDUCATION AND TRAINING
942 _n0
999 _c67321
_d67321